000 00394nam a22001577a 4500
005 20260226122713.0
008 260226b |||||||| |||| 00| 0 eng d
020 _a1-58322-009-7
100 _aDJEBAR, ASSIA
245 _aSO VAST THE PRISON
_bA NOVEL
260 _aNEW YORK
_bSEVEN STORIES PRESS
_c1999
300 _a363P.
650 _aFICTION
700 _aWING, BERSTY
942 _2lcc
_cBK
999 _c216706
_d216706